[Event "Odesa Chess Day Blitz"]
[Site "Chess.com INT"]
[Date "2022.07.20"]
[Round "4"]
[White "Burakovsky, Marat"]
[Black "Gubanov, Oleg"]
[Result "0-1"]
[WhiteElo "1846"]
[BlackElo "2258"]
[PlyCount "130"]
[EventDate "2022.07.20"]
[EventType "swiss (blitz)"]
[EventRounds "9"]
[EventCountry "UKR"]
[SourceTitle "CBM 209 Extra"]
[Source "ChessBase"]
[SourceDate "2022.09.30"]
[SourceVersion "1"]
[SourceVersionDate "2022.09.30"]
[SourceQuality "1"]

1. e4 Nf6 2. Nc3 d5 3. e5 d4 4. exf6 dxc3 5. fxe7 cxd2+ 6. Qxd2 Qxd2+ 7. Bxd2 Bxe7 8. Nf3 Bf6 9. 0-0-0 Be6 10. Kb1 Nc6 11. Bb5 a6 12. Bxc6+ bxc6 13. Rhe1 0-0 14. Ng5 Bd5 15. Ne4 Bd8 16. f3 f5 17. Nc3 Bf7 18. g4 Bf6 19. g5 Bd4 20. Ne2 Bc5 21. Ng3 g6 22. Be3 Bd6 23. Bd4 a5 24. Rg1 a4 25. h4 a3 26. b3 c5 27. Bc3 c4 28. Ne2 cxb3 29. cxb3 Rfe8 30. Rge1 Re3 31. Bf6 Rxf3 32. Nd4 Rh3 33. Rh1 Rxh1 34. Rxh1 Re8 35. Kc2 Be5 36. Bxe5 Rxe5 37. Kd3 Rd5 38. Kc3 Re5 39. Kb4 c5+ 40. Kxa3 cxd4 41. Rd1 Rd5 42. Kb2 d3 43. Kc3 Kf8 44. Rxd3 Rxd3+ 45. Kxd3 Ke7 46. Kc3 Kd6 47. Kb4 f4 48. Kc3 Ke5 49. Kd2 Ke4 50. Ke2 f3+ 51. Kf2 Kf4 52. b4 Bxa2 53. b5 Bd5 54. b6 Kg4 55. h5 gxh5 56. g6 hxg6 57. b7 Bxb7 58. Kg1 Kg3 59. Kf1 f2 60. Ke2 Kg2 61. Kd1 f1Q+ 62. Kd2 Qf3 63. Ke1 Qf2+ 64. Kd1 Be4 65. Kc1 Qc2# 0-1

[Event "Krakow op-B 27th"]
[Site "Krakow"]
[Date "2016.12.28"]
[Round "2"]
[White "Burakovsky, Marat"]
[Black "Jaskolka, Tomasz"]
[Result "0-1"]
[WhiteElo "1913"]
[BlackElo "2048"]
[PlyCount "80"]
[EventDate "2016.12.27"]
[EventType "swiss"]
[EventRounds "9"]
[EventCountry "POL"]
[SourceTitle "CBM 176 Extra"]
[Source "ChessBase"]
[SourceDate "2017.03.02"]
[SourceVersion "1"]
[SourceVersionDate "2017.03.02"]
[SourceQuality "1"]

1. e4 c5 2. Nc3 e6 3. f4 d5 4. d3 Nc6 5. g3 d4 6. Nce2 e5 7. Nf3 Bd6 8. Bg2 Nge7 9. 0-0 Bg4 10. h3 Bxf3 11. Bxf3 Qb6 12. Kh1 0-0-0 13. a3 Kb8 14. Rb1 h5 15. Bd2 h4 16. g4 exf4 17. Nxf4 Qc7 18. Bg2 Ne5 19. b4 Rc8 20. Bc1 cxb4 21. axb4 Qxc2 22. Rb2 Qxd1 23. Rxd1 Rxc1 24. Rxc1 g5 25. Ne2 Nxd3 26. Rbb1 Nxc1 27. Nxc1 Rc8 28. Nd3 Ng6 29. Rf1 Rc3 30. e5 Bxe5 31. Nc5 f6 32. Nxb7 Nf4 33. Nc5 Nxg2 34. Kxg2 Rg3+ 35. Kf2 Rxh3 36. Nd7+ Kc7 37. Nxe5 fxe5 38. Rc1+ Rc3 39. Ra1 Kb6 40. Re1 Re3 0-1

[Event "Kiev-ch"]
[Site "Kiev"]
[Date "2009.01.29"]
[Round "10"]
[White "Gavriliuk, Alexandr"]
[Black "Burakovsky, Marat"]
[Result "0-1"]
[WhiteElo "1817"]
[BlackElo "2026"]
[PlyCount "210"]
[EventDate "2009.01.17"]
[EventType "swiss"]
[EventRounds "11"]
[EventCountry "UKR"]
[SourceTitle "CBM 128 Extra"]
[Source "ChessBase"]
[SourceDate "2009.03.05"]
[SourceVersion "2"]
[SourceVersionDate "2009.03.25"]
[SourceQuality "1"]

1. e4 e5 2. Nf3 Nc6 3. Bb5 Nd4 4. Bc4 Nxf3+ 5. Qxf3 Qf6 6. Qxf6 Nxf6 7. d3 Bc5 8. Nc3 c6 9. Ke2 b5 10. Bb3 a5 11. a4 b4 12. Nd1 Ba6 13. Be3 Nxe4 14. f3 Bxe3 15. Nxe3 Nc5 16. Bc4 d5 17. Bxa6 Rxa6 18. Rhe1 0-0 19. Kd2 f6 20. b3 Kf7 21. Rad1 Raa8 22. Kc1 Rad8 23. Nf5 g6 24. Nh6+ Kg7 25. Ng4 Ne6 26. g3 Rfe8 27. h4 Nd4 28. Nh2 Nf5 29. Rg1 Kf7 30. Rde1 Re7 31. Rg2 Rde8 32. Nf1 Nd4 33. Nd2 c5 34. Kd1 Rc7 35. Rf2 Nf5 36. Rg2 Rd8 37. Kc1 Nd4 38. Rf2 Nf5 39. Rg2 Rdc8 40. Rh1 Nd6 41. Rd1 Nf5 42. Re1 Nd4 43. Kb2 Re8 44. Rh1 Rce7 45. Rf2 Nf5 46. g4 Nd6 47. Rhf1 Kg7 48. Re2 f5 49. Rd1 Re6 50. Rg2 Kf7 51. Rdg1 Rf6 52. g5 Rfe6 53. Rd1 R8e7 54. Rf2 Kg7 55. Re2 Nb7 56. Rde1 Nd8 57. Kc1 Nc6 58. Rf2 Nd4 59. h5 f4 60. Rh2 Nf5 61. h6+ Kg8 62. Rf2 Nd6 63. Ref1 Rf7 64. Rg1 Kf8 65. Rg4 Ke8 66. Kb2 Kd7 67. Rg1 Nf5 68. Rg4 Ne3 69. Rg1 Kc6 70. Kc1 Nf5 71. Rg4 Nd6 72. Re2 Rfe7 73. Rf2 Kb6 74. Kb2 Nf5 75. Re2 Ne3 76. Rg1 Rc6 77. Rge1 Rce6 78. Rg1 Kc7 79. Kc1 Rc6 80. Rge1 Kd6 81. Nf1 Nf5 82. Nd2 Nd4 83. Rg2 Ke6 84. Rg4 Kf5 85. Rg2 Ne6 86. Reg1 Nd8 87. Kd1 Nf7 88. Kc1 Rec7 89. Kb2 Nd6 90. Rd1 Rd7 91. Kb1 Rcc7 92. Re1 c4 93. dxc4 dxc4 94. Rge2 Re7 95. bxc4 Nxc4 96. Ne4 Rcd7 97. Kc1 Rd5 98. Nf6 Rd4 99. Ne4 Ne3 100. Kb2 Rc7 101. Rg1 Ke6 102. Rh1 Nf5 103. Rg2 Rdc4 104. Rhh2 Nd4 105. Rf2 Nxf3 0-1

[Event "Kiev-ch"]
[Site "Kiev"]
[Date "2009.01.26"]
[Round "8"]
[White "Burakovsky, Marat"]
[Black "Otchiyev, Arslan"]
[Result "0-1"]
[WhiteElo "2026"]
[BlackElo "2225"]
[PlyCount "118"]
[EventDate "2009.01.17"]
[EventType "swiss"]
[EventRounds "11"]
[EventCountry "UKR"]
[SourceTitle "CBM 128 Extra"]
[Source "ChessBase"]
[SourceDate "2009.03.05"]
[SourceVersion "2"]
[SourceVersionDate "2009.03.25"]
[SourceQuality "1"]

1. e4 c5 2. Nc3 Nc6 3. f4 g6 4. g3 Bg7 5. Bg2 e6 6. Nh3 Nge7 7. 0-0 0-0 8. d3 d6 9. Nf2 Rb8 10. g4 f5 11. h3 b5 12. Ne2 Qc7 13. Ng3 d5 14. gxf5 exf5 15. exd5 Na5 16. Bd2 Rd8 17. Qe1 b4 18. c4 bxc3 19. bxc3 c4 20. d4 Bb7 21. h4 Nxd5 22. Nh3 Re8 23. Qf2 Nf6 24. Rfe1 Ng4 25. Qf1 Bf6 26. Ng5 h6 27. Nf3 Bxf3 28. Bxf3 Bxh4 29. Qh3 Bxg3 30. Qxg3 h5 31. Re5 Nxe5 32. fxe5 Qg7 33. Bg5 Rb6 34. Qg2 Qc7 35. Bf4 Kh7 36. Re1 g5 37. Bxh5 Rg8 38. Bd2 Nb7 39. Bf3 g4 40. Kf2 Rgg6 41. Rh1+ Kg7 42. Bd5 Rb2 43. Ke2 Qa5 44. Bxc4 Qxc3 45. Qxb7+ Rxb7 46. Bxc3 Rc7 47. Bd3 Rxc3 48. Bxf5 Rg5 49. Be4 g3 50. Kd2 Ra3 51. Bd5 Rg4 52. Bb3 Rxd4+ 53. Ke3 Rb4 54. Kf3 a5 55. Kg2 a4 56. Bd5 Rb2+ 57. Kg1 Rc3 58. Bg2 Rc1+ 59. Bf1 Rf2 0-1

[Event "Kiev Independence Cup-A 7th"]
[Site "Kiev"]
[Date "2007.08.20"]
[Round "8"]
[White "Henrichsen, Jens"]
[Black "Burakovsky, Marat"]
[Result "1-0"]
[WhiteElo "2018"]
[BlackElo "2032"]
[PlyCount "89"]
[EventDate "2007.08.13"]
[EventType "swiss"]
[EventRounds "11"]
[EventCountry "UKR"]
[SourceTitle "CBM 119 Extra"]
[Source "ChessBase"]
[SourceDate "2007.09.04"]
[SourceVersion "1"]
[SourceVersionDate "2007.09.04"]
[SourceQuality "1"]

1. d4 d5 2. c4 Nc6 3. Nc3 dxc4 4. e3 e5 5. Nf3 Bg4 6. d5 Bxf3 7. gxf3 Na5 8. Qa4+ c6 9. b4 cxb3 10. axb3 Qb6 11. dxc6 Nxc6 12. Nd5 Bb4+ 13. Ke2 Qc5 14. Nxb4 Qxb4 15. Qxb4 Nxb4 16. Bb2 f6 17. Bh3 Ne7 18. Rhd1 Nbd5 19. Be6 Nc7 20. Bh3 a6 21. Rd7 Ncd5 22. Rxb7 Ng6 23. Kf1 Nde7 24. Be6 Nf8 25. Bc4 Nd7 26. Bb5 0-0 27. Bxd7 Ng6 28. Be6+ Kh8 29. Rc1 Rfe8 30. Bf7 Rec8 31. Rcc7 Nh4 32. Bd5 Rxc7 33. Rxc7 Rd8 34. Ra7 h6 35. Ra8 Rxa8 36. Bxa8 Kh7 37. Bc3 Kg6 38. Ke2 Kg5 39. Bb7 Nf5 40. Bxa6 Kh4 41. Bb4 h5 42. Kf1 Nh6 43. Bf8 Nf5 44. b4 g5 45. Bc8 1-0

[Event "Kiev Independence Cup-A 7th"]
[Site "Kiev"]
[Date "2007.08.17"]
[Round "5"]
[White "Kruglyakov, Pavlo"]
[Black "Burakovsky, Marat"]
[Result "1-0"]
[WhiteElo "2336"]
[BlackElo "2032"]
[PlyCount "111"]
[EventDate "2007.08.13"]
[EventType "swiss"]
[EventRounds "11"]
[EventCountry "UKR"]
[SourceTitle "CBM 119 Extra"]
[Source "ChessBase"]
[SourceDate "2007.09.04"]
[SourceVersion "1"]
[SourceVersionDate "2007.09.04"]
[SourceQuality "1"]

1. e4 e5 2. Nf3 Nc6 3. Bb5 Nd4 4. Nxd4 exd4 5. 0-0 c6 6. Ba4 Nf6 7. d3 d6 8. c3 b5 9. Bc2 dxc3 10. Nxc3 Be7 11. a3 0-0 12. d4 h6 13. h3 Nh7 14. f4 f5 15. d5 Qb6+ 16. Kh1 c5 17. e5 Bd7 18. Be3 Qc7 19. e6 Be8 20. Qf3 Rb8 21. g4 Bg6 22. Rg1 Bf6 23. gxf5 Be8 24. Ne4 Bxb2 25. Rab1 Bd4 26. Bxd4 cxd4 27. Rg2 Qd8 28. Rbg1 Rb7 29. f6 Rxf6 30. Nxf6+ Nxf6 31. Qf2 Kh8 32. Qxd4 Qb6 33. Qxb6 axb6 34. Bb1 Rc7 35. Rc2 Rc5 36. Rxc5 bxc5 37. Bg6 Kg8 38. Bxe8 Nxe8 39. Rb1 Nc7 40. Kh2 Kf8 41. Kg3 Ke7 42. Kf3 Nxd5 43. Rxb5 Kxe6 44. Rb8 Nc3 45. Rb3 Na4 46. Rb7 g6 47. Rg7 Kf6 48. Ra7 Nc3 49. a4 d5 50. a5 d4 51. a6 d3 52. Rd7 Nb5 53. Rxd3 c4 54. Rd5 Nc7 55. a7 c3 56. Rc5 1-0

[Event "Kiev Independence Cup-B 7th"]
[Site "Kiev"]
[Date "2007.08.07"]
[Round "5"]
[White "Burakovsky, Marat"]
[Black "Ivanenko, Olga A"]
[Result "1/2-1/2"]
[WhiteElo "2089"]
[BlackElo "2187"]
[PlyCount "39"]
[EventDate "2007.08.03"]
[EventType "swiss"]
[EventRounds "9"]
[EventCountry "UKR"]
[SourceTitle "EXT 2023"]
[Source "ChessBase"]
[SourceDate "2022.10.05"]
[SourceVersion "1"]
[SourceVersionDate "2022.10.05"]
[SourceQuality "1"]

1. e4 c5 2. Nc3 Nc6 3. g3 g6 4. Nh3 Bg7 5. Bg2 e6 6. 0-0 Nge7 7. d3 0-0 8. f4 d5 9. Nf2 d4 10. Ne2 f5 11. Kh1 Kh8 12. Ng1 e5 13. Ngh3 Be6 14. Ng5 Bg8 15. h4 h6 16. Ngh3 h5 17. Ng5 Qc7 18. Nfh3 Rac8 19. Bf3 Bf6 20. Bd2 1/2-1/2

[Event "Kurass Memorial op 08th"]
[Site "Kiev"]
[Date "2007.06.26"]
[Round "8"]
[White "Burakovsky, Marat"]
[Black "Radchenko, Alexey"]
[Result "1-0"]
[WhiteElo "2032"]
[BlackElo "1975"]
[PlyCount "91"]
[EventDate "2007.06.19"]
[EventType "swiss"]
[EventRounds "9"]
[EventCountry "UKR"]
[SourceTitle "EXT 2009"]
[Source "ChessBase"]
[SourceDate "2008.11.26"]
[SourceVersion "1"]
[SourceVersionDate "2008.11.26"]
[SourceQuality "1"]

1. e4 c6 2. d3 d5 3. Nd2 dxe4 4. dxe4 g6 5. f4 h5 6. Ngf3 Bg4 7. Bd3 Bh6 8. Nc4 f6 9. 0-0 Qc7 10. e5 f5 11. Qe1 b5 12. Nd6+ Kf8 13. Nd4 Qd7 14. h3 exd6 15. hxg4 hxg4 16. a4 Bg7 17. c3 bxa4 18. Rxa4 Ne7 19. Rf2 d5 20. b3 c5 21. Bb5 Qc8 22. Nc2 a6 23. b4 Nbc6 24. Be2 c4 25. Be3 g5 26. g3 Rh3 27. Rh2 Rxh2 28. Kxh2 Qe8 29. Bf1 Nxe5 30. fxe5 Qxa4 31. Nd4 Kf7 32. Bxg5 Rh8+ 33. Kg1 Rh5 34. Bf4 Nc6 35. Qe3 Nxd4 36. Qxd4 Qc6 37. Qa7+ Kg6 38. Bg2 Rh8 39. Qd4 Rd8 40. Be3 Qa4 41. Qb6+ Kh7 42. Qxd8 Qd1+ 43. Kh2 Qd3 44. Bd4 f4 45. Qh4+ Kg8 46. Bxd5+ 1-0

[Event "Kurass Memorial op 08th"]
[Site "Kiev"]
[Date "2007.06.23"]
[Round "5"]
[White "Burakovsky, Marat"]
[Black "Khliastikov, Georgy"]
[Result "0-1"]
[WhiteElo "2032"]
[BlackElo "2068"]
[PlyCount "94"]
[EventDate "2007.06.19"]
[EventType "swiss"]
[EventRounds "9"]
[EventCountry "UKR"]
[SourceTitle "EXT 2009"]
[Source "ChessBase"]
[SourceDate "2008.11.26"]
[SourceVersion "1"]
[SourceVersionDate "2008.11.26"]
[SourceQuality "1"]

1. e4 Nc6 2. f4 e5 3. Bc4 Nf6 4. Nf3 exf4 5. e5 d5 6. Bb5 Qe7 7. Bxc6+ bxc6 8. 0-0 Nh5 9. Nd4 g6 10. c3 c5 11. Nf3 Bh6 12. Qa4+ Bd7 13. Qa3 c4 14. Qxe7+ Kxe7 15. b3 Bf5 16. Ba3+ Kd7 17. bxc4 Bd3 18. e6+ Kc8 19. Re1 fxe6 20. Ne5 Bxb1 21. Raxb1 Bg7 22. Nf7 Rg8 23. Rxe6 dxc4 24. Rc6 Bf8 25. Bc1 Rg7 26. Ne5 Re7 27. Nxc4 Kd7 28. Ra6 Re1+ 29. Kf2 Rae8 30. d4 R8e2+ 31. Kf3 Bg7 32. Rxa7 Rc2 33. Rbb7 Rxc3+ 34. Kf2 Rexc1 35. Rxc7+ Ke6 36. Ra6+ Kf5 37. Ra5+ Ke4 38. Re7+ Kd3 39. Nb2+ Kc2 40. Re2+ Kb1 41. Ra4 R3c2 42. Nd3 Rxe2+ 43. Kxe2 Rc2+ 44. Kd1 Rxg2 45. d5 Bc3 46. Nxf4 Nxf4 47. Rxf4 Rd2+ 0-1

[Event "Kurass Memorial op 08th"]
[Site "Kiev"]
[Date "2007.06.21"]
[Round "3"]
[White "Burakovsky, Marat"]
[Black "Moiseev, Igor"]
[Result "0-1"]
[WhiteElo "2032"]
[BlackElo "2236"]
[PlyCount "83"]
[EventDate "2007.06.19"]
[EventType "swiss"]
[EventRounds "9"]
[EventCountry "UKR"]
[SourceTitle "EXT 2009"]
[Source "ChessBase"]
[SourceDate "2008.11.26"]
[SourceVersion "1"]
[SourceVersionDate "2008.11.26"]
[SourceQuality "1"]

1. e4 c5 2. Nc3 Nc6 3. f4 e6 4. g3 d5 5. d3 d4 6. Nce2 Nf6 7. Nh3 Be7 8. Bg2 b6 9. 0-0 Bb7 10. Nf2 h5 11. h3 Qd7 12. a3 a5 13. Bd2 a4 14. g4 hxg4 15. hxg4 g6 16. Ng3 e5 17. f5 Nh7 18. Nh3 Bh4 19. Qf3 Qe7 20. f6 Bxf6 21. g5 Bg7 22. Rf2 Nd8 23. Raf1 Nf8 24. c3 Nfe6 25. Qg4 Nc7 26. cxd4 cxd4 27. Bb4 Qe6 28. Nf5 gxf5 29. Rxf5 Na6 30. Rxf7 Nxb4 31. Qxe6+ Nxe6 32. Rxb7 Nxd3 33. Rff7 Bf8 34. g6 Rg8 35. Rf6 Nef4 36. Bf1 Nxg6 37. Kh2 Be7 38. Rfxb6 Nc5 39. Bb5+ Kf8 40. Rc7 Bd8 41. Rxg6 Bxc7 42. Rc6 0-1

[Event "Kiev Independence Cup-A 5th"]
[Site "Kiev"]
[Date "2005.08.16"]
[Round "5"]
[White "Burakovsky, Marat"]
[Black "Nikulenkov, Anatoly"]
[Result "0-1"]
[WhiteElo "2042"]
[BlackElo "2251"]
[PlyCount "64"]
[EventDate "2005.08.12"]
[EventType "swiss"]
[EventRounds "11"]
[EventCountry "UKR"]
[SourceTitle "CBM 107 Extra"]
[Source "ChessBase"]
[SourceDate "2005.09.01"]
[SourceVersion "1"]
[SourceVersionDate "2005.09.01"]
[SourceQuality "1"]

1. e4 c6 2. d3 d5 3. Nd2 Nd7 4. g3 Ngf6 5. Bg2 e5 6. Ne2 Bc5 7. 0-0 0-0 8. h3 Re8 9. Kh2 Nf8 10. Nb3 Bd6 11. Bg5 Ng4+ 12. hxg4 Qxg5 13. f3 h5 14. gxh5 Qxh5+ 15. Kg1 Bc7 16. Kf2 Bb6+ 17. Ke1 Qh2 18. Rf2 Be3 19. Kf1 Bh3 20. Ng1 Bxf2 21. Nxh3 Bxg3 22. Nf2 Ng6 23. Ng4 Qh4 24. Nc1 Nf4 25. Ne2 dxe4 26. Nxf4 exf3 27. Qxf3 exf4 28. d4 Rad8 29. c3 c5 30. Rd1 cxd4 31. cxd4 Rxd4 32. Rc1 Rd7 0-1

[Event "Eger Agria op"]
[Site "Eger"]
[Date "2005.07.31"]
[Round "8"]
[White "Konnyu, Janos"]
[Black "Burakovsky, Marat"]
[Result "1-0"]
[WhiteElo "2267"]
[BlackElo "2042"]
[PlyCount "63"]
[EventDate "2005.07.18"]
[EventType "swiss"]
[EventRounds "9"]
[EventCountry "HUN"]
[SourceTitle "EXT 2008"]
[Source "ChessBase"]
[SourceDate "2007.11.25"]
[SourceVersion "1"]
[SourceVersionDate "2007.11.25"]
[SourceQuality "1"]

1. e4 e5 2. Nf3 Nc6 3. d4 exd4 4. Bc4 Nf6 5. e5 d5 6. Bb5 Ne4 7. Nxd4 Bd7 8. Bxc6 bxc6 9. 0-0 Be7 10. f3 Ng5 11. f4 Ne4 12. c3 c5 13. Nf3 Bb5 14. Re1 0-0 15. Be3 a5 16. Nbd2 f5 17. exf6 gxf6 18. Nxe4 dxe4 19. Qb3+ Kh8 20. Qxb5 exf3 21. Rad1 Bd6 22. gxf3 Rg8+ 23. Kh1 Rb8 24. Qe2 Qc8 25. Rg1 Qe6 26. Bd4 Qxe2 27. Bxf6+ Rg7 28. Rxg7 Qe6 29. Rg6+ Qxf6 30. Rxf6 Rxb2 31. Re6 Rxa2 32. Rg1 1-0

[Event "Eger Agria op"]
[Site "Eger"]
[Date "2005.07.29"]
[Round "6"]
[White "Burakovsky, Marat"]
[Black "Koszegi, Lajos"]
[Result "0-1"]
[WhiteElo "2042"]
[BlackElo "2099"]
[PlyCount "90"]
[EventDate "2005.07.18"]
[EventType "swiss"]
[EventRounds "9"]
[EventCountry "HUN"]
[SourceTitle "EXT 2008"]
[Source "ChessBase"]
[SourceDate "2007.11.25"]
[SourceVersion "1"]
[SourceVersionDate "2007.11.25"]
[SourceQuality "1"]

1. e4 c5 2. Nc3 Nc6 3. f4 g6 4. g3 Bg7 5. Nh3 d6 6. Bg2 e6 7. 0-0 Nge7 8. d3 0-0 9. g4 f5 10. Nf2 Rb8 11. h3 b5 12. Ne2 Qb6 13. Kh2 a5 14. Ng3 b4 15. Rb1 Nd4 16. Bd2 Ba6 17. gxf5 exf5 18. Re1 c4 19. c3 Nc2 20. Qxc2 b3 21. axb3 cxb3 22. Qd1 Qxf2 23. Nh1 Qh4 24. Be3 Bh6 25. Qd2 fxe4 26. dxe4 Bxf4+ 27. Bxf4 Qxf4+ 28. Qxf4 Rxf4 29. e5 dxe5 30. Rxe5 Nf5 31. Rxa5 Bd3 32. Re1 Kg7 33. Ra7+ Kh6 34. Bd5 Bf1 35. Rf7 Rd8 36. Ng3 Rxd5 37. Nxf1 Rf2+ 38. Kg1 Rxb2 39. Rb7 Nh4 40. Ree7 Nf3+ 41. Kh1 Rd1 42. Rxh7+ Kg5 43. Rb5+ Ne5 44. Rf7 Re2 45. Rxb3 Nxf7 0-1

[Event "Sakharov Memorial op 4th"]
[Site "Kiev"]
[Date "2005.07.08"]
[Round "4"]
[White "Sorokin, Vladimir"]
[Black "Burakovsky, Marat"]
[Result "1-0"]
[WhiteElo "2131"]
[BlackElo "2042"]
[PlyCount "73"]
[EventDate "2005.07.05"]
[EventType "swiss"]
[EventRounds "9"]
[EventCountry "UKR"]
[SourceTitle "EXT 2006"]
[Source "ChessBase"]
[SourceDate "2005.11.24"]
[SourceVersion "1"]
[SourceVersionDate "2005.11.24"]
[SourceQuality "1"]

1. e4 e5 2. c4 Nf6 3. Nc3 Be7 4. d3 0-0 5. f4 exf4 6. Bxf4 d6 7. h3 h6 8. g4 Nh7 9. Qd2 Bh4+ 10. Kd1 Bg5 11. Nf3 Bxf4 12. Qxf4 Qf6 13. Qe3 c6 14. Be2 Ng5 15. Nxg5 Qxg5 16. Qxg5 hxg5 17. Kd2 g6 18. h4 Kg7 19. hxg5 Rh8 20. Rxh8 Kxh8 21. Rf1 Kg7 22. Rf6 Be6 23. d4 Nd7 24. Rf4 Nf8 25. d5 Bd7 26. Rf6 Nh7 27. Rxd6 Be8 28. e5 Nxg5 29. Ke3 Kf8 30. Ne4 Nxe4 31. Kxe4 Ke7 32. Rf6 cxd5+ 33. cxd5 Bd7 34. d6+ Kf8 35. Bc4 Bxg4 36. Rxf7+ Ke8 37. e6 1-0

[Event "Kurass Memorial op 06th"]
[Site "Kiev"]
[Date "2005.06.28"]
[Round "8"]
[White "Burakovsky, Marat"]
[Black "Lukyanov, Mikhail"]
[Result "1-0"]
[WhiteElo "2042"]
[BlackElo "2044"]
[PlyCount "57"]
[EventDate "2005.06.21"]
[EventType "swiss"]
[EventRounds "9"]
[EventCountry "UKR"]
[SourceTitle "CBM 107 Extra"]
[Source "ChessBase"]
[SourceDate "2005.09.01"]
[SourceVersion "1"]
[SourceVersionDate "2005.09.01"]
[SourceQuality "1"]

1. e4 d5 2. exd5 Qxd5 3. d4 e5 4. Nf3 e4 5. Ne5 Be6 6. c3 Nc6 7. Nc4 Nf6 8. Ne3 Qd7 9. Be2 Be7 10. 0-0 0-0 11. Nd2 a6 12. Qc2 Bf5 13. Nxf5 Qxf5 14. f3 Qh5 15. Nxe4 Qg6 16. Bd3 Nxe4 17. fxe4 Rad8 18. e5 Qh5 19. Rf5 g5 20. Rf3 g4 21. Rf5 Qh4 22. g3 Qh3 23. Bf1 f6 24. Bxh3 gxh3 25. e6 Kg7 26. Rh5 Rh8 27. Bh6+ Kg8 28. Qf5 Rxd4 29. Rg5+ 1-0